Statistiken für Länder, die Jordanien am nächsten liegen

Klicken Sie hier um das Quiz zu spielen!

Allgemein

  • Dieses Quiz wurde 98 mal gespielt
  • Das Durchschnittsergebnis liegt bei 17 aus 21

Antwortstatistiken

kmLand% Korrekt
601Iran
100%
0Israel
100%
0Irak
99%
342Türkei
99%
0Saudi-Arabien
97%
0Syrien
97%
45Libanon
94%
7Ägypten
91%
776Kuwait
90%
887Armenien
89%
868Aserbaidschan
85%
937Georgien
84%
291Zypern
81%
673Griechenland
80%
1269Bahrain
77%
1122Russland
73%
971Libyen
71%
802Sudan
67%
0Palästina
58%
1233Bulgarien
53%
1269Eritrea
53%

Verteilung der Resultate

Perzentil nach korrekt beantworteten Fragen

Anzahl Personen mit jedem Resultat

Ihre Resultats-Entwicklung

Sie haben dieses Quiz noch nicht gespielt